000 00233 a2200097 4500
001 47349
100 _aRosner G
245 _aThe united nations emergency force
260 _aNew York
_bColumbia university
_c
090 _c30384
_d30384
942 _aNUST-CAE
_cM
_c22652
999 _c282422
_d282422